Poets of modern Russia

Gespeichert in:
Bibliographische Detailangaben
1. Verfasser: France, Peter (VerfasserIn)
Format: Buch
Sprache:Englisch
Veröffentlicht: Cambridge Cambridge University Press 1982
Schriftenreihe:Cambridge Studies in Russian Literature
Schlagworte:
Tags: Tag hinzufügen
Keine Tags, Fügen Sie den ersten Tag hinzu!

MARC

LEADER 00000nam a2200000 a 4500
001 UCW0278
003 CL-VaPUC
008 921030e19820000UK |||||||||||||||||eng|d
082 0 4 |a 891.701  |b FRA  |2 21 
100 0 |a France, Peter  |e author  |9 304224 
245 1 0 |a Poets of modern Russia 
300 |a 240 p 
942 |c BK 
945 |d 19921030 00:00:00 
260 |a Cambridge  |b Cambridge University Press  |c 1982 
650 7 |a POESIA RUSA  |2 CL-VaPUC  |9 269389 
650 7 |a HISTORIA Y CRITICA SIGLO 19  |2 CL-VaPUC  |9 269390 
650 0 |a Historia y crítica, siglo 20  |9 269384 
583 |a last modification  |c 20120524 10:24:16  |k Rodrigo Vera 
490 0 |a Cambridge Studies in Russian Literature 
999 |c 215492  |d 215490 
952 |0 0  |1 0  |4 0  |6 891_701000000000000_FRA_1982  |7 0  |8 A  |9 199821  |a BIBEDU  |b BIBEDU  |d 2019-11-14  |i 2670941  |o 891.701 FRA 1982  |p 2670941  |r 2019-11-14  |w 2019-11-14  |y BK  |k LIT